Multiway Contingency Tables Analysis For The Social Science (Record no. 32796)

MARC details
000 -LEADER
fixed length control field 00492nam a2200181Ia 4500
020 ## - INTERNATIONAL STANDARD BOOK NUMBER
ISBN 0-8058-0377-7
050 ## - CALL MARK
Classification number HA 29 .W5134/
100 ## - STATEMENT OF RESPONSIBILITY--MAIN AUTHOR NAME
Personal name Thomas D. Wickens
245 #0 - TITLE STATEMENT
Title Multiway Contingency Tables Analysis For The Social Science
260 ## - PUBLICATION, DISTRIBUTION, ETC. (IMPRINT)
Place of publication New Jersey
260 ## - PUBLICATION, DISTRIBUTION, ETC. (IMPRINT)
Name of publisher Lawrence Erlbaum Associates, Publishers
260 ## - PUBLICATION, DISTRIBUTION, ETC. (IMPRINT)
Year of publication 1989
300 ## - PHYSICAL DESCRIPTION
Number of Pages 426 p
650 ## - SUBJECT ADDED ENTRY--TOPICAL TERM
Topical Term Mathematical Statistics
942 ## - ADDED ENTRY ELEMENTS (KOHA)
Koha item type Books
Holdings
Withdrawn status Lost status Source of classification or shelving scheme Damaged status Not for loan Permanent Location Current Location Date acquired Accession Number Price effective from Koha item type
    Library of Congress Classification     NILE UNIVERSITY OF NIGERIA - MAIN LIBRARY NILE UNIVERSITY OF NIGERIA - MAIN LIBRARY 04/23/2025 0002468 04/23/2025 Books